书目信息 |
| 题名: |
朱熹与退溪思想比较研究
|
|
| 作者: | 张立文 著 | |
| 分册: | ||
| 出版信息: | 北京 人民出版社 2014 |
|
| 页数: | 327页 | |
| 开本: | 24cm | |
| 丛书名: | 哲学史家文库 | |
| 单 册: | ||
| 中图分类: | B244.75 | |
| 科图分类: | ||
| 主题词: | 朱熹--Zhu Xi--(1130-1200)--哲学思想--研究 , 李滉--Li Huang--(1501-1570)--哲学思想--研究 | |
| 电子资源: | ||
| ISBN: | 978-7-01-013263-1 | |
| 000 | 01144nam0 22002771 450 | |
| 001 | 349637 | |
| 005 | 20161008155239.64 | |
| 010 | @a978-7-01-013263-1@dCNY49.00 | |
| 100 | @a20150615d2014 em y0chiy50 ea | |
| 101 | 0 | @achi |
| 102 | @aCN@b110000 | |
| 105 | @ay z 000yy | |
| 106 | @ar | |
| 200 | 1 | @a朱熹与退溪思想比较研究@AZhu Xi Yu Tui Xi Si Xiang Bi Jiao Yan Jiu@f张立文著 |
| 210 | @a北京@c人民出版社@d2014 | |
| 215 | @a327页@d24cm | |
| 225 | 2 | @a哲学史家文库@AZhe Xue Shi Jia Wen Ku |
| 308 | @a丛书第2辑 | |
| 330 | @a本书运用作者独创的逻辑结构方法论,不仅把朱熹与退溪哲学思想主旨归约为“理-气-物”“理-气-五行”的范畴衍生关系,使二者纷繁复杂的思想体系得以澄明;而且在此基础上,分别阐释了朱熹的易学思想、美学思想、史学思想及退溪的认知范畴系统、理数思维等,并对二者的理动静论、人心论、价值观和易学思想进行了细致入微的探析比较。 | |
| 461 | 0 | @12001 @a哲学史家文库 |
| 606 | 0 | @a朱熹@AZhu Xi@f(1130-1200)@x哲学思想@x研究 |
| 606 | 0 | @a李滉@ALi Huang@f(1501-1570)@x哲学思想@x研究 |
| 690 | @aB244.75@v5 | |
| 701 | 0 | @a张立文@AZhang Li Wen@f(1935~)@4著 |
| 801 | 0 | @aCN@bTANGWEI@20160730 |
| 905 | @b0886010-4@dB244.75@e62@f5 | |
| 朱熹与退溪思想比较研究/张立文著.-北京:人民出版社,2014 |
| 327页;24cm.-(哲学史家文库) |
| ISBN 978-7-01-013263-1:CNY49.00 |
| 本书运用作者独创的逻辑结构方法论,不仅把朱熹与退溪哲学思想主旨归约为“理-气-物”“理-气-五行”的范畴衍生关系,使二者纷繁复杂的思想体系得以澄明;而且在此基础上,分别阐释了朱熹的易学思想、美学思想、史学思想及退溪的认知范畴系统、理数思维等,并对二者的理动静论、人心论、价值观和易学思想进行了细致入微的探析比较。 |
| ● |
| 相关链接 |
|
|
|
|
正题名:朱熹与退溪思想比较研究
索取号:B244.75/62
 
预约/预借
| 序号 | 登录号 | 条形码 | 馆藏地/架位号 | 状态 | 备注 |
| 1 | 0886010 | 208860106 | 第一样本阅览室/ [索取号:B244.75/62] | 在馆 | |
| 2 | 0886011 | 208860115 | 第一借阅区/ [索取号:B244.75/62] | 在馆 | |
| 3 | 0886012 | 208860124 | 第一借阅区/ [索取号:B244.75/62] | 在馆 | |
| 4 | 0886013 | 208860133 | 第一借阅区/ [索取号:B244.75/62] | 在馆 | |
| 5 | 0886014 | 208860142 | 第一借阅区/ [索取号:B244.75/62] | 在馆 |